• 首页
  • 本馆介绍
  • 公告通知
  • 最新文献
  • 馆藏检索
  • 电子资源
  • 读者导购
  • 参考咨询
  • 我的图书馆
  • 登录
  • 详细信息显示
  • 放入我的书架
  • 预约/预借图书
  • 作者相关作品
  • 分类相关作品
  • 丛书相关作品
  • 出版社相关作品

书目信息

  • 表格格式
  • 工作单格式
  • 卡片格式
题名:
电动力学习题集
    
 
作者: N.H.托普蒂金 , B.B.巴蒂金 编著 ;汪镇藩 , 郑锡琏 译
分册:  
出版信息: 北京   人民教育出版社  1964
页数: 513页
开本: 20cm
丛书名:
单 册:
中图分类: O442-44
科图分类:
主题词: 电动力学 , 电磁学
电子资源:
ISBN:
000 00758nam0 2200229 450
001 0735592734
005 20070906095312.73
010    @d¥1.50
100    @a20070906d km y0chiy0120 ea
101 0  @achi
200 1  @a电动力学习题集@Adian dong li xue xi ti ji@fB.B.巴蒂金,N.H.托普蒂金编著@FB.B.ba di jin,N.H.tuo pu di jin bian zhu@g汪镇藩,郑锡琏译@Gwang zhen fan,zheng xi lian yi
210    @a北京@c人民教育出版社@d1964
215    @a513页@d20cm
606 0  @a电动力学
606 0  @a电磁学
690    @aO442-44@v3
701  0 @aN.H.托普蒂金@AN.H.tuo pu di jin@4编著
701  0 @aB.B.巴蒂金@AB.B.ba di jin@4编著
702  0 @a汪镇藩@Awang zhen fan@4译
702  0 @a郑锡琏@Azheng xi lian@4译
801  0 @aCN@bPFT@c20070906
905    @a213230@dO442-44@eP8@f1
    
    电动力学习题集/B.B.巴蒂金,N.H.托普蒂金编著/汪镇藩,郑锡琏译.-北京:人民教育出版社,1964
    513页;20cm
    
    
    ISBN :¥1.50
    
●
相关链接 在E读中查询图书 在五车中查询图书 在当当中查询图书 在豆瓣中查询图书


正题名:电动力学习题集     索取号:O442-44/P8         预约/预借

序号 登录号 条形码 馆藏地/架位号 状态 备注
1 7200223   272002236   密集书库-物理学院/ [索取号:O442-44/P8] 在馆    
唐山师范学院图书馆 欢迎您!
大连网信软件有限公司© 版权所有